| 000 | 007480000a22002170004500 | ||
|---|---|---|---|
| 090 |
_aAS _bSERIADAS |
||
| 245 | 1 | 0 | _aCheck list of stomiiform, aulopiform and myctophiform fishes from colombian waters of the tropical eastern Pacific |
| 651 | 4 |
_pColombia _lRegión Pacífica _992749 |
|
| 690 |
_aPeces marinos _9100416 |
||
| 690 |
_aListado de especies _919418 |
||
| 690 |
_aInventarios de peces _997463 |
||
| 041 | 0 | _aEspañol | |
| 041 | 0 | _aInglés | |
| 044 | _aColombia | ||
| 700 | 1 |
_aRubio Rincón, Efraín A. _9100417 |
|
| 700 | 1 |
_aBeltrán León, Beatriz S. _9100425 |
|
| 700 | 1 |
_aBaldwin, Carole C. _9100420 |
|
| 100 | 1 |
_aCastellanos Galindo, Gustavo Adolfo _9100421 |
|
| 942 | _cARTICULO | ||
| 773 | 1 |
_tBiota Colombiana _h2 _q245-262 _d2006 _g7 |
|
| 999 |
_c16238 _d16238 |
||